Nghệ thuật làm các món ăn Trung Hoa

Uloženo v:
Podrobná bibliografie
Hlavní autor: Cô Lệ Hoa
Médium: Kniha
Jazyk:Undetermined
Vydáno: Sài Gòn Đông Phương 1972
Témata:
Tagy: Přidat tag
Žádné tagy, Buďte první, kdo otaguje tento záznam!
Thư viện lưu trữ: Trung tâm Học liệu Trường Đại học Cần Thơ
LEADER 00496nam a2200181Ia 4500
001 CTU_14583
008 210402s9999 xx 000 0 und d
082 |a 641.5 
082 |b L250 
100 |a Cô Lệ Hoa 
245 0 |a Nghệ thuật làm các món ăn Trung Hoa 
245 0 |c Cô Lệ Hoa 
260 |a Sài Gòn 
260 |b Đông Phương 
260 |c 1972 
650 |a cookery 
904 |i Minh, 970106 
980 |a Trung tâm Học liệu Trường Đại học Cần Thơ